Principles governing the retirement of public employees /

Bibliographic Details
Main Author: Meriam, Lewis, 1883-1972
Format: Book
Language:English
Published: New York, London : D. Appleton and company, 1918.
Series:The Institute for government research. Principles of administration. # 1
Subjects:

MARC

Tag First Indicator Second Indicator Subfields
LEADER 00000cam a2200000 4500
001 in00000040776
005 20151007064646.0
008 720508s1918 nyu b 00000 eng u
010 |a  18002030  
035 |a (OCoLC)00303124 
035 |9 AAE0332AM 
040 |c OUN  |d TXA  |d UtOrBLW 
049 |a TXAM  |c [10584] 
050 0 |a JF1671  |b .M4 
092 |a 351.5  |b M56 
100 1 |a Meriam, Lewis,  |d 1883-1972. 
245 1 0 |a Principles governing the retirement of public employees /  |c by Lewis Meriam. 
264 1 |a New York,  |a London :  |b D. Appleton and company,  |c 1918. 
300 |a xxix, 1 unnumbered page, 1 ., 476 pages 1 page ;  |c 23 cm. 
336 |a text  |b txt  |2 rdacontent 
337 |a unmediated  |b n  |2 rdamedia 
338 |a volume  |b nc  |2 rdacarrier 
490 0 |a The Institute for government research. Principles of administration. # 1 
504 |a "List of references": pages 451-[463]. 
650 0 |a Civil service  |x Pensions. 
999 |a MARS 
999 f f |s 9b8836f2-c825-3935-a631-6e8952585430  |i f3d6aeed-c0ba-3998-94dd-5e305ed7ef0e  |t 0 
952 f f |p ric  |a Texas A&M University  |b Rellis Campus  |c Joint Library Facility  |d Remote Storage  |t 0  |e JF1671 .M4  |h Library of Congress classification  |i unmediated -- volume  |m A14800794347 
998 f f |a JF1671 .M4  |t 0  |l Remote Storage